Quiz do Butão - Statistics

Estatísticas Gerais
  • Esse quiz foi jogado 596 vezes
  • A pontuação média é 9 de 15
Estatísticas das Respostas
Dica Resposta % Correto
Países fazendo fronteira com o Butão Índia
95%
Países fazendo fronteira com o Butão China
93%
Religião oficial Budismo
92%
Animal que aparece na bandeira Dragão
85%
Cordilheira na qual o Butão está localizado Himalaias
83%
Antiga rota de comércio que passava pelo Butão Rota da {Seda}
70%
Língua oficial Dzonga
65%
Região "autônoma" do primeiro país acima, que faz fronteira com o Butão Tibete
64%
Capital Thimbu
61%
Em 2010, o Butão se tornou o primeiro país a proibir a venda desse produto Tabaco
52%
Butão tem a maior ____ média de qualquer país Elevação
51%
Apenas três países possuem este tipo de edifício diplomático no Butão Embaixada
50%
O Butão é o único país onde este é o esporte mais popular (dica: começa com A) Arco e flecha
36%
Rei do Butão desde 2006 {Jigme} Khesar
15%
Antiga capital até 1955 Punakha
13%
Nenhum quiz correspondente encontrado
Distribuição das Pontuações
Porcentagem de Pessoas com Cada Pontuação
Percentil de Números Respondidos
Sua Pontuação Histórica
Você não jogou esse quiz